Modelovanie a simulácia aktívneho pruženia automobilu v prostredí Matlab-Simulink.(Modelling and Simulation of Active Suspension System in Sof-tware Product MATLAB Simulink) [CD-ROM] : Bakalárska práca
Uložené v:
| Hlavný autor: | |
|---|---|
| Ďalší autori: | |
| Médium: | Rukopis Kniha |
| Jazyk: | Slovak |
| Vydavateľské údaje: |
Bratislava :
STU v Bratislave SjF,
2007
|
| Predmet: | |
| Tagy: |
Žiadne tagy, Buďte prvý, kto otaguje tento záznam!
|
MARC
| LEADER | 00000ntm a22000003a 4500 | ||
|---|---|---|---|
| 001 | stu155558 | ||
| 005 | 20150617225958.3 | ||
| 008 | 080122s2007----xo------------------slo-d | ||
| 040 | |a STU |b slo | ||
| 041 | 0 | |a slo | |
| 044 | |a xo | ||
| 100 | 1 | |a Vrzala, Tomáš, |d 1985- |4 aut |u J230 |9 100 |U SjF Ústav dopravnej techniky a konštruovania |T SjF Katedra automobilov, lodí a spaľovacích motorov |X 13613 |U J230 |Y 46 |7 A000013613 | |
| 245 | 1 | |a Modelovanie a simulácia aktívneho pruženia automobilu v prostredí Matlab-Simulink.(Modelling and Simulation of Active Suspension System in Sof-tware Product MATLAB Simulink) [CD-ROM] : |b Bakalárska práca | |
| 260 | |a Bratislava : |b STU v Bratislave SjF, |c 2007 | ||
| 300 | |a 62 s | ||
| 650 | 7 | |a modelovanie a simulácia |2 stusub | |
| 650 | 7 | |a aktívne pruženie |2 stusub | |
| 650 | 7 | |a pruženie |2 stusub | |
| 650 | 7 | |a Active suspension |2 estusub | |
| 650 | 7 | |a quarter model |2 estusub | |
| 650 | 7 | |a PID controller |2 estusub | |
| 650 | 7 | |a simulation |2 estusub | |
| 650 | 7 | |a MATLAB Simulink |2 estusub | |
| 700 | 1 | |a Belavý, Cyril, |d 1957- |4 xxx |u J110 |U SjF Ústav automatizácie, merania a aplikovanej informatiky |T SjF Katedra automatizácie, informačnej a prístrojovej techniky |X 2440 |U J110 |Y 37 |7 A000002440 | |
| 996 | |b 284J032086 |c J*108486 |l JJSK |s A |a 24 |w stu155558_0001 | ||